Kariérna mobilita a podmienky jej realizácie v podniku diplomová práca

Na minha lista:
Detalhes bibliográficos
Autor principal: Husárová, Martina
Autor Corporativo: Fakulta podnikového manažmentu EU. Katedra manažmentu
Outros Autores: Matulčíková, Marta, 1964-
Formato: Livro
Idioma:eslovaco
Publicado em: Bratislava 2014
Tags: Adicionar Tag
Sem tags, seja o primeiro a adicionar uma tag!

MARC

LEADER 00000nbm a2200000 4500
001 0188144
005 20170315090444.1
041 0 |a slo 
044 |a SK 
245 1 0 |a Kariérna mobilita a podmienky jej realizácie v podniku  |b diplomová práca  |c Martina Husárová ; školiteľ: Marta Matulčíková 
264 1 |a Bratislava  |c 2014 
300 |a 64 s. 
100 1 |a Husárová, Martina 
700 1 |a Matulčíková, Marta, 1964- 
710 2 |a Fakulta podnikového manažmentu EU. Katedra manažmentu